ႁူမ်ႈႁႅင်းၵိုၼ်းမၢႆ-3 (Record no. 24509)

000 -LEADER
fixed length control field 01223nam a22002297a 4500
003 - CONTROL NUMBER IDENTIFIER
control field OSt
005 - DATE AND TIME OF LATEST TRANSACTION
control field 20260128093746.0
008 - FIXED-LENGTH DATA ELEMENTS--GENERAL INFORMATION
fixed length control field 230517b ||||| |||| 00| 0 eng d
040 ## - CATALOGING SOURCE
Transcribing agency Ost
041 ## - LANGUAGE CODE
Language code of text/sound track or separate title Shan
082 ## - DEWEY DECIMAL CLASSIFICATION NUMBER
Classification number 895.9198
245 ## - TITLE STATEMENT
Title ႁူမ်ႈႁႅင်းၵိုၼ်းမၢႆ-3
Remainder of title ႁူမ်ႈသၢင်ႈၸႂ်ပႅင်းပဵၼ်ဢဵၼ်ႁႅင်းတၵ်းၵိုၼ်းၵိုၵ်းထိုင်လႅင်း
Statement of responsibility, etc. ၸုမ်းပွင်ၵၢၼ်လိၵ်ႈလၢႆးဝတ်ႉၵွင်းမူးၶမ်းဝဵင်းမူႇၸေႊ ၶပ်းၶိုင်-
260 ## - PUBLICATION, DISTRIBUTION, ETC.
Place of publication, distribution, etc. ဝဵင်းလိူဝ်ႇ
Name of publisher, distributor, etc. ႁူင်းၽိမ်းယုဝ
Date of publication, distribution, etc. 2016
300 ## - PHYSICAL DESCRIPTION
Extent AB၊ 118 ၼႃႈ
Other physical details ႁၢင်ႈ(သီ)၊ လွၵ်း
Dimensions 25 ၸိၼ်ႇထီႇ
500 ## - GENERAL NOTE
General note ပပ်ႉၸဝ်ႈတႃႇၼႁင်းၶေႃ တွၵ်ႉတိူဝ်ႇၸၢႆးဢွင်ႇထုၼ်း
General note S-SAT: Dr. Prof Sai Aung Tun
504 ## - BIBLIOGRAPHY, ETC. NOTE
Bibliography, etc. note ပႃးၽိုၼ်ဢိင်
650 ## - SUBJECT ADDED ENTRY--TOPICAL TERM
Topical term or geographic name entry element လိၵ်ႈႁူမ်ႈတုမ်
942 ## - ADDED ENTRY ELEMENTS (KOHA)
Koha item type Book (Short term)
Source of classification or shelving scheme
Source of classification or shelving scheme
Holdings
Withdrawn status Lost status Source of classification or shelving scheme Damaged status Not for loan Collection Code Permanent Location Current Location Shelving location Date acquired Total Checkouts Full call number Barcode Date last seen Copy number Price effective from Koha item type Accession
          Tai Collection Shan State Buddhist University Library Shan State Buddhist University Library Tai Shelves 17/05/2023   895.9198 ႁူမ်ႈ ႒႐႗ SH00000207 17/05/2023 1 17/05/2023 Books (Long term) ႒႐႗
          Special Collections Shan State Buddhist University Library Shan State Buddhist University Library Special Collection Shelves 17/05/2023   895.9198 ႁူမ်ႈ ႒႕႓႔ S-SAT SH00002534 17/05/2023 2 17/05/2023 Book (Short term) ႒႕႓႔ S-SAT

Library - 09407999929
Admin Office - 09407999979
Dean Office - 09250910768
Registrar Office - 09892297154
Email - [email protected]
Shan State Buddhist University, Phaya Phyu Taunggyi, Shan State, Myanmar.